|
|
|
|
| LEADER |
00000nam0a2200000 4500 |
| 001 |
189559 |
| 005 |
20231101224220.0 |
| 035 |
|
|
|a (RuTPU)RU\TPU\book\206212
|
| 090 |
|
|
|a 189559
|
| 100 |
|
|
|a 20101227d2010 m y0rusy50 ca
|
| 101 |
0 |
|
|a rus
|
| 102 |
|
|
|a RU
|
| 105 |
|
|
|a y j 001zy
|
| 200 |
1 |
|
|a Искусство ведения переговоров
|e практикум
|f А. Ю. Кузин, Ю. И. Кузина
|g Национальный исследовательский Томский политехнический университет (ТПУ)
|
| 210 |
|
|
|a Томск
|c Изд-во ТПУ
|d 2010
|
| 215 |
|
|
|a 97 с.
|
| 320 |
|
|
|a Библиогр.: с. 95-97.
|
| 330 |
|
|
|a В практикуме изложены практические методики анализа переговорного процесса, построения быстрого контакта, преодоления уловок в переговорах, разрешения конфликтов путем переговоров, веления переговоров с помощью деловой переписки и по телефону. Даны тесты и кейсовые задания для отработки навыков ведения переговоров. Предназначен для студентов, обучающихся по направлению 080500 «Менеджмент».
|
| 452 |
|
1 |
|0 (RuTPU)RU\TPU\book\213084
|t Искусство ведения переговоров
|o практикум
|f А. Ю. Кузин, Ю. И. Кузина
|g Национальный исследовательский Томский политехнический университет (ТПУ)
|c Томск
|n Изд-во ТПУ
|d 2010
|a Кузин, Андрей Юрьевич
|
| 606 |
1 |
|
|a Общение
|x Психология
|2 stltpush
|3 (RuTPU)RU\TPU\subj\46642
|9 65759
|
| 606 |
1 |
|
|a Риторика
|2 stltpush
|3 (RuTPU)RU\TPU\subj\25247
|9 49450
|
| 610 |
1 |
|
|a деловое общение
|
| 610 |
1 |
|
|a переговоры
|
| 610 |
1 |
|
|a переговорный процесс
|
| 610 |
1 |
|
|a деловая переписка
|
| 610 |
1 |
|
|a телефонные переговоры
|
| 610 |
1 |
|
|a деловые коммуникации
|
| 610 |
1 |
|
|a учебные пособия
|
| 610 |
1 |
|
|a труды учёных ТПУ
|
| 686 |
|
|
|a Ю953я73
|v LBC/SL-A
|2 rubbk
|
| 686 |
|
|
|a Ч711.211я73
|v LBC/SL-A
|2 rubbk
|
| 700 |
|
1 |
|a Кузин
|b А. Ю.
|c специалист в области психологии
|c доцент Томского политехнического университета, кандидат медицинских наук
|f 1971-
|g Андрей Юрьевич
|2 stltpush
|3 (RuTPU)RU\TPU\pers\27009
|
| 701 |
|
1 |
|a Кузина
|b Ю. И.
|g Юлия Игоревна
|
| 712 |
0 |
2 |
|a Национальный исследовательский Томский политехнический университет (ТПУ)
|c (2009- )
|2 stltpush
|3 (RuTPU)RU\TPU\col\15902
|
| 801 |
|
1 |
|a RU
|b 63413507
|c 20101227
|
| 801 |
|
2 |
|a RU
|b 63413507
|c 20120517
|g RCR
|
| 942 |
|
|
|c BK
|